[Event "Sydney International Challengers"]
[Site "Parramatta, NSW"]
[Date "2009.04.19"]
[Round "9.10"]
[White "Tenorio, Leonardo"]
[Black "Gu, Sean"]
[Result "0-1"]
[WhiteElo "1812"]
[BlackElo "1530"]
[PlyCount "100"]
[EventDate "2009.04.15"]
[EventType "swiss"]
[EventRounds "9"]
[EventCountry "AUS"]
[SourceDate "2009.04.15"]

1. e4 c5 2. Nf3 e6 3. d4 cxd4 4. Nxd4 Nf6 5. Nc3 Bb4 6. Bd3 Nc6 7. Nf3 d5 8. e5
Nd7 9. Qe2 d4 10. a3 Qa5 11. O-O dxc3 12. axb4 Qxa1 13. Bh6 cxb2 14. Bxg7 b1=Q
15. Bxh8 Qxf1+ 16. Qxf1 Qxf1+ 17. Kxf1 Nxb4 18. Bxh7 a5 19. Nd2 a4 20. Bg7 a3
21. Nb3 a2 22. Na1 b6 23. h4 Ra5 24. f4 Rb5 25. c4 Rc5 26. Ke2 Rxc4 27. Kd2
Rxf4 28. h5 Rg4 29. h6 Rxg2+ 30. Kc3 Nc6 31. Be4 Rg3+ 32. Kb2 Ncxe5 33. h7 Rh3
34. h8=Q+ Rxh8 35. Bxh8 f5 36. Bxe5 Nxe5 37. Bg2 Nd3+ 38. Kxa2 e5 39. Kb3 Ke7
40. Kc3 Nc5 41. Nc2 Bb7 42. Bf1 f4 43. Kc4 Ba6+ 44. Kd5 Bxf1 45. Kxe5 f3 46.
Ne3 Be2 47. Ng4 Nd3+ 48. Kd5 f2 49. Nxf2 Nxf2 50. Kc6 b5 0-1

[Event "Sydney International Challengers"]
[Site "Parramatta, NSW"]
[Date "2009.04.19"]
[Round "9.11"]
[White "Feng, Thomas"]
[Black "Canfell, Mike"]
[Result "0-1"]
[WhiteElo "1638"]
[BlackElo "1932"]
[PlyCount "80"]
[EventDate "2009.04.15"]
[EventType "swiss"]
[EventRounds "9"]
[EventCountry "AUS"]
[SourceDate "2009.04.15"]

1. d4 Nf6 2. Nf3 g6 3. c4 Bg7 4. Nc3 O-O 5. e4 d6 6. g3 Nbd7 7. Bg2 e5 8. d5
Nc5 9. Qc2 a5 10. O-O Nh5 11. Ne1 f5 12. Nd3 Nxd3 13. Qxd3 f4 14. Ne2 g5 15. f3
fxg3 16. hxg3 Qf6 17. g4 Nf4 18. Nxf4 exf4 19. Rb1 Qd4+ 20. Qxd4 Bxd4+ 21. Kh2
a4 22. Rd1 Be5 23. Bd2 Bd7 24. Bf1 Kg7 25. Bc3 Kf6 26. Bxe5+ Kxe5 27. Kg2 h5
28. gxh5 Rh8 29. Be2 Rxh5 30. Rh1 Rah8 31. Rxh5 Rxh5 32. b3 b6 33. Rd1 Rh4 34.
Rd2 g4 35. bxa4 g3 36. a5 Rh2+ 37. Kg1 bxa5 38. Rc2 Ba4 39. Rd2 Rf2 40. Kh1 Bd1
0-1

[Event "Sydney International Challengers"]
[Site "Parramatta, NSW"]
[Date "2009.04.19"]
[Round "9.12"]
[White "Ivanov, Nikola"]
[Black "Harris, Bruce"]
[Result "1-0"]
[WhiteElo "1789"]
[BlackElo "1411"]
[PlyCount "125"]
[EventDate "2009.04.15"]
[EventType "swiss"]
[EventRounds "9"]
[EventCountry "AUS"]
[SourceDate "2009.04.15"]

1. e4 e5 2. Nf3 Nc6 3. Bc4 Be7 4. d3 Nf6 5. Nc3 d6 6. Ng5 O-O 7. O-O Bg4 8. f3
Bh5 9. Be3 h6 10. Nh3 Na5 11. Bb5 c6 12. Ba4 d5 13. Ne2 b5 14. Bb3 Nb7 15. Ng3
Bg6 16. Kh1 Bc5 17. Bd2 Nd6 18. a3 Kh8 19. Qc1 Ng8 20. exd5 cxd5 21. Bxd5 Rc8
22. Bb3 Nf5 23. Ne4 Bd4 24. Nhf2 Qh4 25. Rb1 Nf6 26. Qe1 Nh5 27. Ng4 Qxe1 28.
Rfxe1 Nh4 29. Nc3 f5 30. Nxe5 Be8 31. f4 a6 32. Bd5 Rc7 33. g3 Bxe5 34. fxe5
Ng6 35. Rbc1 Ne7 36. Bf3 g5 37. Nd5 Nxd5 38. Bxd5 Bc6 39. c4 f4 40. g4 Ng7 41.
Bxc6 Rxc6 42. cxb5 Rxc1 43. Rxc1 axb5 44. d4 Rd8 45. Rd1 Rxd4 46. Kg2 Kg8 47.
Kf2 Kf7 48. Ke2 Re4+ 49. Kd3 Rxe5 50. Bc3 Rd5+ 51. Ke2 Rxd1 52. Kxd1 h5 53.
Bxg7 Kxg7 54. gxh5 Kh6 55. Ke1 f3 56. Kf2 g4 57. b3 Kxh5 58. Kg3 Kg5 59. a4 Kf5
60. a5 Ke4 61. Kf2 Kd5 62. b4 Kd6 63. h4 1-0

[Event "Sydney International Challengers"]
[Site "Parramatta, NSW"]
[Date "2009.04.19"]
[Round "9.13"]
[White "Tracey, Michael"]
[Black "Griffin, Hamish"]
[Result "1/2-1/2"]
[WhiteElo "1418"]
[BlackElo "1755"]
[PlyCount "84"]
[EventDate "2009.04.15"]
[EventType "swiss"]
[EventRounds "9"]
[EventCountry "AUS"]
[SourceDate "2009.04.15"]

1. c4 c6 2. Nc3 Nf6 3. Nf3 d5 4. cxd5 Nxd5 5. g3 Bg4 6. Bg2 e6 7. O-O Nd7 8. h3
Nxc3 9. bxc3 Bxf3 10. Bxf3 Ne5 11. Bg2 Qb6 12. a4 Rd8 13. d4 c5 14. Bf4 Nc6 15.
Rb1 Qa6 16. e3 Be7 17. Qb3 Rd7 18. h4 O-O 19. Rfd1 Na5 20. Qb5 Qxb5 21. axb5 b6
22. d5 Rfd8 23. e4 Nc4 24. Bf3 e5 25. Bg5 Bxg5 26. hxg5 Nd6 27. Kg2 g6 28. Rh1
Kg7 29. Bg4 Re7 30. f3 Rde8 31. Kf2 Rf8 32. Ke3 Rfe8 33. Kd3 Ra8 34. c4 f6 35.
gxf6+ Kxf6 36. Be6 Rh8 37. f4 h6 38. Rbc1 Rg7 39. Bh3 Rgh7 40. Rcf1 Rg7 41. f5
Rgh7 42. Rf2 Rc7 1/2-1/2

[Event "Sydney International Challengers"]
[Site "Parramatta, NSW"]
[Date "2009.04.19"]
[Round "9.14"]
[White "Weltner, Michael"]
[Black "Barker, Ken"]
[Result "1-0"]
[WhiteElo "1391"]
[BlackElo "1468"]
[PlyCount "41"]
[EventDate "2009.04.15"]
[EventType "swiss"]
[EventRounds "9"]
[EventCountry "AUS"]
[SourceDate "2009.04.15"]

1. e4 c5 2. Nf3 d6 3. c3 Nf6 4. d4 Nxe4 5. dxc5 Nxc5 6. b4 Ne4 7. Bd3 Nf6 8.
Bg5 e6 9. O-O Be7 10. Qc2 Nbd7 11. Re1 O-O 12. Nbd2 h6 13. Bh4 d5 14. a4 b6 15.
a5 a6 16. h3 b5 17. Bg3 Bb7 18. Nd4 Rc8 19. Qb2 Bc6 20. Re3 Nb8 21. Bxb8 1-0

[Event "Sydney International Challengers"]
[Site "Parramatta, NSW"]
[Date "2009.04.19"]
[Round "9.16"]
[White "Simmonds, Leteisha"]
[Black "Shaw, Robin"]
[Result "0-1"]
[WhiteElo "1169"]
[BlackElo "1853"]
[PlyCount "42"]
[EventDate "2009.04.15"]
[EventType "swiss"]
[EventRounds "9"]
[EventCountry "AUS"]
[SourceDate "2009.04.15"]

1. e4 c6 2. d4 d5 3. e5 Bf5 4. Nf3 e6 5. a3 c5 6. c4 Nc6 7. Be3 Qb6 8. Qd2 f6
9. cxd5 Nxd4 10. Nxd4 cxd4 11. Bxd4 Bc5 12. Bxc5 Qxc5 13. exf6 Nxf6 14. dxe6
O-O 15. Be2 Bxe6 16. Nc3 Rad8 17. Qc1 Ng4 18. O-O Nxf2 19. Qc2 Nh3+ 20. Kh1
Qg1+ 21. Rxg1 Nf2# 0-1

[Event "Sydney International Challengers"]
[Site "Parramatta, NSW"]
[Date "2009.04.19"]
[Round "9.17"]
[White "Derwent, Ethan"]
[Black "Bleicher, Horst"]
[Result "0-1"]
[WhiteElo "1123"]
[BlackElo "1822"]
[PlyCount "78"]
[EventDate "2009.04.15"]
[EventType "swiss"]
[EventRounds "9"]
[EventCountry "AUS"]
[SourceDate "2009.04.15"]

1. d4 Nf6 2. c4 e6 3. Nc3 Bb4 4. e3 O-O 5. Nf3 Ne4 6. Qc2 f5 7. Bd3 d5 8. O-O
Be7 9. Ne1 c5 10. f3 Nf6 11. Ne2 Nc6 12. dxc5 Nb4 13. Qc3 Nxd3 14. Nxd3 Nd7 15.
cxd5 exd5 16. Nef4 Nf6 17. Rd1 g5 18. Ne2 Be6 19. Nd4 Bd7 20. b4 Rc8 21. Ba3
Qe8 22. Re1 Qh5 23. Bb2 b6 24. c6 Bd6 25. f4 Ne4 26. Qb3 Be8 27. Ne6 Bxc6 28.
Nxf8 Rxf8 29. Rac1 Bb7 30. Ne5 Qh6 31. Nc6 gxf4 32. exf4 Qxf4 33. Qxd5+ Rf7 34.
Be5 Bxe5 35. Qxe5 Qf2+ 36. Kh1 Bxc6 37. Rf1 Qe2 38. Qd4 Ng3+ 39. hxg3 Qxg2# 0-1

[Event "Sydney International Challengers"]
[Site "Parramatta, NSW"]
[Date "2009.04.19"]
[Round "9.19"]
[White "Leong, Edward"]
[Black "Nakauchi, Kenji"]
[Result "1/2-1/2"]
[WhiteElo "1432"]
[BlackElo "927"]
[PlyCount "93"]
[EventDate "2009.04.15"]
[EventType "swiss"]
[EventRounds "9"]
[EventCountry "AUS"]
[SourceDate "2009.04.15"]

1. e4 e6 2. d4 d5 3. Nd2 c5 4. exd5 Qxd5 5. dxc5 Bxc5 6. Ngf3 Nc6 7. Bc4 Qd8 8.
O-O Nf6 9. a3 O-O 10. b4 Bb6 11. Bb2 Re8 12. Ng5 Bc7 13. Ndf3 h6 14. Qxd8 Rxd8
15. Bxf6 gxf6 16. Ne4 f5 17. Nc5 b6 18. Nb3 Bb7 19. Rad1 Rxd1 20. Rxd1 Ne5 21.
Nxe5 Bxe5 22. Bd3 Rc8 23. c4 Bb2 24. a4 Rd8 25. c5 Ba3 26. cxb6 axb6 27. b5 Ra8
28. Bc2 Rxa4 29. Nc5 Ra7 30. Nxb7 Rxb7 31. Bd3 Rc7 32. Kf1 Kg7 33. Ke2 Kf6 34.
f4 Rd7 35. Bc4 Rxd1 36. Kxd1 Bc5 37. Ke2 Bg1 38. h3 Bh2 39. Kf3 e5 40. g3 exf4
41. Kxf4 Ke7 42. Bd3 Kf6 43. Bc2 h5 44. h4 Bg1 45. Bd1 Kg6 46. Bc2 Kf6 47. Bd1
1/2-1/2

[Event "Sydney International Challengers"]
[Site "Parramatta, NSW"]
[Date "2009.04.19"]
[Round "9.23"]
[White "Greenwood, Norman"]
[Black "Christian, Kashish"]
[Result "1-0"]
[WhiteElo "1743"]
[BlackElo "474"]
[PlyCount "127"]
[EventDate "2009.04.15"]
[EventType "swiss"]
[EventRounds "9"]
[EventCountry "AUS"]
[SourceDate "2009.04.15"]

1. d4 Nf6 2. Nf3 g6 3. Bg5 Bg7 4. Nbd2 d6 5. e4 Nc6 6. c3 Bg4 7. Qa4 O-O 8. d5
Ne5 9. Nxe5 dxe5 10. f3 Bd7 11. Bb5 e6 12. Bxd7 Qxd7 13. Qxd7 Nxd7 14. Be7 Rfe8
15. d6 cxd6 16. Bxd6 Rac8 17. Nb3 Rc6 18. Rd1 b6 19. Ba3 Nf6 20. Ke2 Bh6 21.
Rd3 Nh5 22. g3 f5 23. Rhd1 Rcc8 24. Nd2 f4 25. g4 Nf6 26. b3 g5 27. Nc4 b5 28.
Nd6 Rb8 29. Nxe8 Rxe8 30. Rd8 Kf7 31. Rxe8 Kxe8 32. Bb2 Bg7 33. Rd6 Ke7 34. Ra6
Kf7 35. Rxa7+ Kg6 36. Rb7 Ne8 37. Rxb5 Nd6 38. Rb8 Bf6 39. c4 h5 40. h3 hxg4
41. hxg4 Kf7 42. c5 Ne8 43. Rb7+ Kf8 44. c6 Nd6 45. Ra7 Ke8 46. Ba3 Be7 47. Rd7
Nc8 48. Bxe7 Nxe7 49. Rxe7+ Kxe7 50. b4 Kd6 51. b5 Kc7 52. a4 Kb6 53. Kd3 Kc7
54. a5 Kd6 55. Kc4 Kc7 56. Kc5 Kb8 57. Kd6 Ka7 58. c7 Kb7 59. Kd7 Ka8 60. c8=Q+
Ka7 61. Qc4 Kb7 62. b6 Kb8 63. Qc7+ Ka8 64. Qa7# 1-0

[Event "Sydney International Challengers"]
[Site "Parramatta, NSW"]
[Date "2009.04.19"]
[Round "9.25"]
[White "Beahan, Patrick"]
[Black "Talisayon, Samuel"]
[Result "1-0"]
[WhiteElo "1349"]
[BlackElo "1192"]
[PlyCount "53"]
[EventDate "2009.04.15"]
[EventType "swiss"]
[EventRounds "9"]
[EventCountry "AUS"]
[SourceDate "2009.04.15"]

1. e4 c5 2. Nf3 Nc6 3. d4 e6 4. d5 exd5 5. exd5 Qe7+ 6. Be2 Ne5 7. O-O d6 8.
Re1 h6 9. Bf4 f6 10. Nbd2 Bf5 11. Bb5+ Bd7 12. Qe2 O-O-O 13. a4 g5 14. Bg3
Nxf3+ 15. Qxf3 Qf7 16. Nc4 Kc7 17. Qc3 b6 18. Ba6 h5 19. h3 h4 20. Bh2 g4 21.
b4 gxh3 22. bxc5 Qxd5 23. cxb6+ Kb8 24. Ne3 Qc6 25. bxa7+ Kxa7 26. Bc4 Ra8 27.
Qa5+ 1-0

[Event "Sydney International Open"]
[Site "Parramatta, NSW, Australia"]
[Date "2008.03.25"]
[Round "1.1"]
[White "Morris, James"]
[Black "Zhang, Zhong"]
[Result "0-1"]
[WhiteElo "2096"]
[BlackElo "2617"]
[Annotator "www.chessaustralia.com.au"]
[PlyCount "36"]
[EventDate "2008.03.27"]
[EventType "game"]
[EventRounds "9"]
[EventCountry "AUS"]
[Source "ACE"]

1. e4 c5 2. Nf3 Nc6 3. Bb5 e6 4. c3 Nge7 5. d4 cxd4 6. cxd4 d5 7. exd5 Nxd5 8.
Bxc6+ bxc6 9. O-O Bd6 10. Nc3 O-O 11. Ne4 Be7 12. Ne5 Qb6 13. Nc4 Qc7 14. Bg5
f6 15. Bh4 Qf4 16. Qa4 Qxe4 17. Qxc6 Rb8 18. Bg3 Bb7 0-1

[Event "Sydney International Open"]
[Site "Parramatta, NSW, Australia"]
[Date "2008.03.25"]
[Round "1.2"]
[White "Malakhatko, Vadim"]
[Black "Bennett, Hilton"]
[Result "1-0"]
[WhiteElo "2600"]
[BlackElo "2094"]
[Annotator "www.chessaustralia.com.au"]
[PlyCount "137"]
[EventDate "2008.03.27"]
[EventType "game"]
[EventRounds "9"]
[EventCountry "AUS"]
[Source "ACE"]

1. d4 Nf6 2. c4 g6 3. Nc3 Bg7 4. e4 d6 5. Nf3 O-O 6. Be2 e5 7. O-O Na6 8. Be3
Ng4 9. Bg5 Qe8 10. c5 exd4 11. Nd5 Qxe4 12. Ne7+ Kh8 13. Bxa6 bxa6 14. cxd6
cxd6 15. Nd2 Qe5 16. Nf3 Qe4 17. Re1 Qb7 18. h3 Ne5 19. Nxd4 Qxb2 20. Re2 Qxd4
21. Qxd4 Nf3+ 22. gxf3 Bxd4 23. Rd1 Bg7 24. Nxc8 Raxc8 25. Rxd6 Rfe8 26. Rxe8+
Rxe8 27. Be3 a5 28. Rd7 Kg8 29. Rxa7 Bc3 30. Rc7 Bb4 31. Kg2 Ra8 32. a4 Rd8 33.
Bg5 Ra8 34. Bf6 Bf8 35. Bc3 Bb4 36. Bd4 Kf8 37. Kf1 Re8 38. Be3 Kg7 39. Ke2 Rd8
40. Rc4 Rd7 41. Bd4+ f6 42. Kd3 Kh6 43. Kc2 Rd6 44. Be3+ g5 45. f4 Kg6 46. fxg5
fxg5 47. Rc7 h5 48. Rc8 g4 49. hxg4 hxg4 50. Rg8+ Kh5 51. Rg7 Rc6+ 52. Kd3 Re6
53. Bf4 Be1 54. Be3 Bb4 55. Rg8 Rf6 56. Ke2 Bf8 57. Rg5+ Kh4 58. Rxa5 Bh6 59.
Bxh6 Rxh6 60. Rf5 Kh3 61. a5 Kg2 62. Rf4 Re6+ 63. Kd3 Kh3 64. Kc4 Re2 65. a6
Ra2 66. Kb5 Ra3 67. Ra4 Rf3 68. a7 Rxf2 69. a8=Q 1-0

[Event "Sydney International Open"]
[Site "Parramatta, NSW, Australia"]
[Date "2008.03.25"]
[Round "1.4"]
[White "Ganguly, Surya Shekhar"]
[Black "McNamara, Gary"]
[Result "1-0"]
[WhiteElo "2579"]
[BlackElo "2084"]
[Annotator "www.chessaustralia.com.au"]
[PlyCount "53"]
[EventDate "2008.03.27"]
[EventType "game"]
[EventRounds "9"]
[EventCountry "AUS"]
[Source "ACE"]

1. e4 c5 2. Nf3 d6 3. d4 cxd4 4. Nxd4 Nf6 5. Nc3 a6 6. Be2 e6 7. O-O Be7 8. f4
Nbd7 9. Kh1 Qc7 10. Bf3 O-O 11. a4 Rb8 12. Qe1 Re8 13. g4 Nf8 14. g5 N6d7 15.
Qg3 b6 16. f5 Ne5 17. Bg2 Bd8 18. f6 g6 19. Nde2 Nfd7 20. Qh4 Kh8 21. Rf4 Qc5
22. Qh6 Nxf6 23. gxf6 Bxf6 24. Rxf6 Ng4 25. Qh4 Nxf6 26. Qxf6+ Kg8 27. Nd5 1-0

[Event "Sydney International Open"]
[Site "Parramatta, NSW, Australia"]
[Date "2008.03.25"]
[Round "1.5"]
[White "Cheng, Bobby"]
[Black "Jones, Gawain"]
[Result "0-1"]
[WhiteElo "1905"]
[BlackElo "2562"]
[Annotator "www.chessaustralia.com.au"]
[PlyCount "82"]
[EventDate "2008.03.27"]
[EventType "game"]
[EventRounds "9"]
[EventCountry "AUS"]
[Source "ACE"]

1. d4 Nf6 2. c4 g6 3. Nc3 Bg7 4. e4 d6 5. h3 O-O 6. Bg5 c5 7. d5 Nbd7 8. Bd3
Qa5 9. Bd2 a6 10. f4 Qc7 11. a4 e6 12. Nge2 exd5 13. exd5 Ne8 14. O-O f5 15. a5
b5 16. axb6 Nxb6 17. Qc2 Nf6 18. Be3 Bd7 19. Ng3 a5 20. Rae1 a4 21. Ra1 Rab8
22. Ra2 Qd8 23. Re1 Ne8 24. Bf2 Nc7 25. Bf1 Qf6 26. Raa1 h5 27. Be2 Rb7 28.
Reb1 Re8 29. Qd2 Rbb8 30. Nf1 Ra8 31. Ra3 Na6 32. Nh2 Nb4 33. Nf3 Qe7 34. Bf1
Bf6 35. Re1 Qg7 36. Rxe8+ Rxe8 37. Ra1 Re4 38. Nxe4 fxe4 39. Ne5 Bf5 40. Rb1 e3
41. Bxe3 Bxb1 0-1

[Event "Sydney International Open"]
[Site "Parramatta, NSW, Australia"]
[Date "2008.03.25"]
[Round "1.6"]
[White "Gagunashvili , Merab"]
[Black "Sutherland, John"]
[Result "1-0"]
[WhiteElo "2553"]
[BlackElo "2050"]
[Annotator "www.chessaustralia.com.au"]
[PlyCount "57"]
[EventDate "2008.03.27"]
[EventType "game"]
[EventRounds "9"]
[EventCountry "AUS"]
[Source "ACE"]

1. d4 Nf6 2. c4 c5 3. d5 e6 4. Nc3 exd5 5. cxd5 Bd6 6. e4 O-O 7. f4 Nxe4 8.
Nxe4 Re8 9. Qe2 f5 10. Nxd6 Rxe2+ 11. Bxe2 Qf8 12. Nxc8 Qxc8 13. Nf3 d6 14. b3
Nd7 15. O-O a6 16. Bd3 g6 17. Bb2 b5 18. Rfe1 Qd8 19. Re6 Nb6 20. Bf6 Qf8 21.
Be7 Qg7 22. Rae1 Qc3 23. Bf1 Nxd5 24. Bxd6 Rd8 25. Be5 Qb4 26. Rd1 Qe4 27. Ng5
Qe3+ 28. Kh1 Qf2 29. Re7 1-0

[Event "Sydney International Open"]
[Site "Parramatta, NSW, Australia"]
[Date "2008.03.25"]
[Round "1.7"]
[White "Dizdarevic, Mehmedalija"]
[Black "Chandler, Murray"]
[Result "1/2-1/2"]
[WhiteElo "2025"]
[BlackElo "2540"]
[Annotator "www.chessaustralia.com.au"]
[PlyCount "122"]
[EventDate "2008.03.27"]
[EventType "game"]
[EventRounds "9"]
[EventCountry "AUS"]
[Source "ACE"]

1. e4 c5 2. Nf3 d6 3. d4 Nf6 4. Nc3 cxd4 5. Nxd4 a6 6. Bc4 e6 7. Bb3 Nbd7 8.
Bg5 Qa5 9. Qd2 Be7 10. O-O-O Nc5 11. Rhe1 h6 12. Be3 Qc7 13. f3 b5 14. g4 b4
15. Nce2 Bb7 16. Kb1 d5 17. e5 Nfd7 18. Ng3 Nxe5 19. Nh5 O-O-O 20. Bf4 Bd6 21.
Bxe5 Bxe5 22. Qxb4 Bd6 23. Qd2 g6 24. Ng3 Bxg3 25. hxg3 e5 26. Ne2 d4 27. Ng1
f6 28. Qf2 Kb8 29. Ne2 h5 30. gxh5 Rxh5 31. Rh1 Rxh1 32. Rxh1 Qc6 33. Rf1 Qb5
34. Rd1 Qc6 35. Rf1 Nxb3 36. axb3 d3 37. Nc3 g5 38. Qe3 dxc2+ 39. Kxc2 Rh8 40.
Kb1 Rd8 41. Rf2 Qd7 42. Kc2 Qf5+ 43. Ne4 g4 44. Qb6 Rc8+ 45. Kd2 Qd7+ 46. Ke3
Rc6 47. Qb4 f5 48. Rd2 Qc7 49. Qf8+ Ka7 50. Qxf5 Qb6+ 51. Ke2 Qb5+ 52. Kf2 gxf3
53. Qxf3 Rb6 54. Qe3 Bxe4 55. Qxe4 Rf6+ 56. Ke3 Qxb3+ 57. Qd3 Qb6+ 58. Ke2 Qf2+
59. Kd1 Qg1+ 60. Kc2 Rc6+ 61. Kb3 Rc7 1/2-1/2

[Event "Sydney International Open"]
[Site "Parramatta, NSW, Australia"]
[Date "2008.03.25"]
[Round "1.8"]
[White "Antonio, Rogelio"]
[Black "Milligan, Helen"]
[Result "1-0"]
[WhiteElo "2529"]
[BlackElo "1988"]
[Annotator "www.chessaustralia.com.au"]
[PlyCount "71"]
[EventDate "2008.03.27"]
[EventType "game"]
[EventRounds "9"]
[EventCountry "AUS"]
[Source "ACE"]

1. e4 e5 2. Nf3 Nc6 3. Bc4 Nf6 4. d3 Be7 5. O-O O-O 6. Re1 d6 7. c3 Na5 8. Bb5
a6 9. Ba4 b5 10. Bc2 c5 11. Nbd2 Nc6 12. Nf1 h6 13. Ng3 Re8 14. h3 Bf8 15. a4
Bb7 16. Nh2 Ne7 17. Qf3 Ng6 18. Nf5 d5 19. Ng4 Nxg4 20. Qxg4 Re6 21. h4 Nf4 22.
Bxf4 exf4 23. Qxf4 dxe4 24. dxe4 c4 25. e5 Qb6 26. Nd4 Ree8 27. h5 Bc5 28. Qf5
Bxd4 29. cxd4 Qe6 30. Qh7+ Kf8 31. Bf5 Qd5 32. Re4 Qd7 33. Qh8+ Ke7 34. Qxg7
Rg8 35. Qf6+ Ke8 36. e6 1-0

[Event "Sydney International Open"]
[Site "Parramatta, NSW, Australia"]
[Date "2008.03.25"]
[Round "1.9"]
[White "Brown, Andrew"]
[Black "Zhao, Zong-Yuan"]
[Result "0-1"]
[WhiteElo "2004"]
[BlackElo "2487"]
[Annotator "www.chessaustralia.com.au"]
[PlyCount "56"]
[EventDate "2008.03.27"]
[EventType "game"]
[EventRounds "9"]
[EventCountry "AUS"]
[Source "ACE"]

1. d4 Nf6 2. c4 e6 3. Nf3 d5 4. Nc3 c6 5. Bg5 h6 6. Bxf6 Qxf6 7. e3 Nd7 8. Bd3
g6 9. O-O dxc4 10. Bxc4 Bg7 11. Rc1 O-O 12. Qe2 Qe7 13. Rfd1 a6 14. a3 b6 15.
e4 Bb7 16. e5 b5 17. Ba2 c5 18. dxc5 Nxc5 19. b4 Nd7 20. Ne4 Rad8 21. Ned2 Nb6
22. Ne4 Nd7 23. Ned2 Rc8 24. Bb1 Bd5 25. Qe3 Rfd8 26. Qa7 Ra8 27. Qc7 a5 28.
Rc5 Bxf3 0-1

[Event "Sydney International Open"]
[Site "Parramatta, NSW, Australia"]
[Date "2008.03.25"]
[Round "1.10"]
[White "Antic, Dejan"]
[Black "Schon, Eugene"]
[Result "1-0"]
[WhiteElo "2476"]
[BlackElo "1912"]
[Annotator "www.chessaustralia.com.au"]
[PlyCount "55"]
[EventDate "2008.03.27"]
[EventType "game"]
[EventRounds "9"]
[EventCountry "AUS"]
[Source "ACE"]

1. d4 d5 2. c4 c6 3. cxd5 cxd5 4. Bf4 Nc6 5. e3 Nf6 6. Nc3 a6 7. Rc1 Qb6 8. Bd3
Bg4 9. Nge2 e6 10. O-O Nh5 11. f3 Nxf4 12. Nxf4 g5 13. Nfxd5 exd5 14. fxg4
O-O-O 15. Rxf7 Kb8 16. Na4 Qa5 17. a3 Be7 18. b4 Qc7 19. Nc5 Qd6 20. Qa4 Rc8
21. Bxa6 bxa6 22. Nxa6+ Kb7 23. Nc5+ Kb8 24. Qb5+ Kc7 25. Nb7 Qe6 26. Rxe7+
Qxe7 27. Rxc6+ Kd7 28. Qxd5+ 1-0

[Event "Sydney International Open"]
[Site "Parramatta, NSW, Australia"]
[Date "2008.03.26"]
[Round "2.1"]
[White "Zhang, Zhong"]
[Black "De Ramos, Joseph Julius"]
[Result "1-0"]
[WhiteElo "2617"]
[BlackElo "2256"]
[Annotator "www.chessaustralia.com.au"]
[PlyCount "94"]
[EventDate "2008.03.27"]
[EventType "game"]
[EventRounds "9"]
[EventCountry "AUS"]
[Source "ACE"]

1. Nf3 Nf6 2. g3 b6 3. Bg2 Bb7 4. c4 e6 5. O-O Be7 6. Nc3 O-O 7. Re1 d5 8. cxd5
exd5 9. d4 Nfd7 10. Bf4 a6 11. Rc1 Re8 12. a3 c5 13. dxc5 bxc5 14. Ne5 Nxe5 15.
Bxe5 Nd7 16. Bf4 Nb6 17. Na4 Nxa4 18. Qxa4 Qb6 19. Qc2 d4 20. Bxb7 Qxb7 21.
Red1 Rac8 22. b3 c4 23. bxc4 Bxa3 24. Rb1 Qa7 25. Rd3 Bc5 26. Rdb3 Qe7 27. R1b2
Qe6 28. Qd3 a5 29. Rb5 a4 30. Ra2 a3 31. Bc1 Bf8 32. Rd5 Qe4 33. Bf4 Qxd3 34.
exd3 Rcd8 35. Rb5 Re1+ 36. Kg2 Rd1 37. c5 g5 38. Bxg5 Rd5 39. Bf4 Rxd3 40. Rb8
Kg7 41. c6 Rc3 42. c7 Rdc5 43. Rd8 d3 44. Rd2 Be7 45. R2xd3 Rxd3 46. Rxd3 a2
47. Ra3 Rc2 1-0

[Event "Sydney International Open"]
[Site "Parramatta, NSW, Australia"]
[Date "2008.03.26"]
[Round "2.2"]
[White "Samar, Raul"]
[Black "Malakhatko, Vadim"]
[Result "0-1"]
[WhiteElo "2254"]
[BlackElo "2600"]
[Annotator "www.chessaustralia.com.au"]
[PlyCount "66"]
[EventDate "2008.03.27"]
[EventType "game"]
[EventRounds "9"]
[EventCountry "AUS"]
[Source "ACE"]

1. d4 Nf6 2. c4 e6 3. Nf3 d5 4. Nc3 c6 5. e3 a6 6. a4 c5 7. Bd3 Nc6 8. O-O dxc4
9. Bxc4 Be7 10. Re1 O-O 11. h3 b6 12. Ne5 Bb7 13. Nxc6 Bxc6 14. dxc5 Bxc5 15.
Qe2 b5 16. Bb3 Be7 17. f3 b4 18. Nd1 Nd7 19. Bc2 Nc5 20. b3 a5 21. Rb1 Bb7 22.
Nf2 Ba6 23. Qd1 Qc7 24. Bb2 Rfd8 25. Qc1 Rac8 26. Rd1 Nxa4 27. Bxh7+ Kxh7 28.
Qxc7 Rxc7 29. bxa4 Rc2 30. Bd4 Be2 31. Rdc1 b3 32. Bb6 Rdc8 33. Re1 Bb4 0-1

[Event "Sydney International Open"]
[Site "Parramatta, NSW, Australia"]
[Date "2008.03.26"]
[Round "2.4"]
[White "Kivsovic, Velimirf"]
[Black "Ganguly, Surya Shekhar"]
[Result "0-1"]
[WhiteElo "2243"]
[BlackElo "2579"]
[Annotator "www.chessaustralia.com.au"]
[PlyCount "48"]
[EventDate "2008.03.27"]
[EventType "game"]
[EventRounds "9"]
[EventCountry "AUS"]
[Source "ACE"]

1. e4 c5 2. Nf3 e6 3. d4 cxd4 4. Nxd4 Nc6 5. Nb5 d6 6. c4 Nf6 7. N1c3 a6 8. Na3
Be7 9. Be2 b6 10. Be3 Ne5 11. Rc1 Bb7 12. f3 Rc8 13. O-O O-O 14. Qb3 Ned7 15.
Rfd1 Qc7 16. Na4 Nc5 17. Qc2 Nfxe4 18. Nxb6 Qxb6 19. fxe4 Bg5 20. Qc3 Bxe3+ 21.
Qxe3 Qxb2 22. Bf3 Bxe4 23. Rxd6 Nd3 24. Rxa6 Bxf3 0-1

[Event "Sydney International Open"]
[Site "Parramatta, NSW, Australia"]
[Date "2008.03.26"]
[Round "2.5"]
[White "Jones, Gawain"]
[Black "Chow, Sam"]
[Result "1-0"]
[WhiteElo "2562"]
[BlackElo "2240"]
[Annotator "www.chessaustralia.com.au"]
[PlyCount "69"]
[EventDate "2008.03.27"]
[EventType "game"]
[EventRounds "9"]
[EventCountry "AUS"]
[Source "ACE"]

1. e4 e6 2. d4 d5 3. Nd2 Nf6 4. e5 Nfd7 5. Bd3 c5 6. c3 Nc6 7. Ngf3 Qb6 8. O-O
g6 9. dxc5 Qc7 10. Nb3 Ndxe5 11. Nxe5 Nxe5 12. Bf4 Bg7 13. Bb5+ Bd7 14. Bxd7+
Qxd7 15. Qe2 Nc4 16. Rad1 Rd8 17. Nc1 O-O 18. b3 Na5 19. c4 d4 20. b4 Nc6 21.
b5 Nb8 22. Bd6 Rfe8 23. f4 b6 24. Bxb8 bxc5 25. Be5 f6 26. Nd3 fxe5 27. fxe5
Qc7 28. h4 Rf8 29. a4 Bh6 30. Rxf8+ Rxf8 31. Rf1 Be3+ 32. Kh2 Rf5 33. Rxf5 gxf5
34. Qf3 Qd8 35. Kh3 1-0

[Event "Sydney International Open"]
[Site "Parramatta, NSW, Australia"]
[Date "2008.03.26"]
[Round "2.6"]
[White "Hacche, David"]
[Black "Gagunashvili , Merab"]
[Result "0-1"]
[WhiteElo "2182"]
[BlackElo "2553"]
[Annotator "www.chessaustralia.com.au"]
[PlyCount "58"]
[EventDate "2008.03.27"]
[EventType "game"]
[EventRounds "9"]
[EventCountry "AUS"]
[Source "ACE"]

1. d4 Nf6 2. Nf3 e6 3. g3 d5 4. Bg2 b5 5. O-O Bb7 6. c3 Nbd7 7. a4 b4 8. a5 Ba6
9. Re1 Be7 10. Nbd2 O-O 11. e4 dxe4 12. Nxe4 Nxe4 13. Rxe4 bxc3 14. bxc3 c5 15.
Re1 Bb7 16. Be3 cxd4 17. Bxd4 Qc7 18. Qe2 Rfd8 19. h4 Bf6 20. a6 Bd5 21. Ne5
Bxg2 22. Kxg2 Nc5 23. Qb5 Qd6 24. Kh2 Rab8 25. Qe2 Nb3 26. Rad1 Qc7 27. Qe3
Nxd4 28. cxd4 h6 29. Rc1 Qd6 0-1